The Supreme Court and its justices /

Bibliographic Details
Corporate Author: American Bar Association
Other Authors: Choper, Jesse H.
Format: Book
Language:English
Published: Chicago : American Bar Association, [1987]
Series:Best of the ABA journal.
Subjects:

MARC

Tag First Indicator Second Indicator Subfields
LEADER 00000cam a2200000 a 4500
001 in00000011791
005 20151007051709.0
008 870527r1987 ilu b 00000deng
010 |a  87070334  
020 |a 0897072901 :  |c $24.95 
035 |a (OCoLC)15984344 
035 |9 AAA4337AM 
040 |a DLC  |c DLC  |d OCL  |d TXA  |d UtOrBLW 
043 |a n-us--- 
049 |a TXAM  |c [A12619498] 
050 0 0 |a KF8742.A5  |b S863 1987 
245 0 4 |a The Supreme Court and its justices /  |c edited by Jesse H. Choper. 
264 1 |a Chicago :  |b American Bar Association,  |c [1987] 
264 4 |c ©1987 
300 |a 269 pages ;  |c 24 cm. 
336 |a text  |b txt  |2 rdacontent 
337 |a unmediated  |b n  |2 rdamedia 
338 |a volume  |b nc  |2 rdacarrier 
490 1 |a The Best of the ABA journal 
504 |a Includes bibliographical references. 
610 1 0 |a United States.  |b Supreme Court  |x History. 
650 0 |a Judges  |z United States  |v Biography. 
700 1 |a Choper, Jesse H. 
710 2 |a American Bar Association. 
830 0 |a Best of the ABA journal. 
999 |a MARS 
999 f f |s f4e3ddb0-9e04-32a5-999b-580c525b1e98  |i 2dd184f7-d3c8-3231-a005-e48e08b44930  |t 0 
952 f f |p ric  |a Texas A&M University  |b Rellis Campus  |c Joint Library Facility  |d Remote Storage  |t 0  |e KF8742.A5 S863 1987  |h Library of Congress classification  |i unmediated -- volume  |m A14812619498 
998 f f |a KF8742.A5 S863 1987  |t 0  |l Remote Storage